Tratado de la esterilidad en la mujer / (Record no. 158516)

MARC details
000 -LEADER
campo de control de longitud fija 00729nam a22001815i 4500
001 - NÚMERO DE CONTROL
campo de control 158516
003 - IDENTIFICADOR DE NÚMERO DE CONTROL
campo de control ES-MaACL
005 - FECHA Y HORA DE LA ÚLTIMA TRANSACCIÓN
campo de control 20230906211158.0
008 - DATOS DE LONGITUD FIJA--INFORMACIÓN GENERAL
campo de control de longitud fija 990324s1875 sp |||| | spa d
100 1# - ENTRADA PRINCIPAL--NOMBRE DE PERSONA
Nombre de persona Maheux, H. D.
9 (RLIN) 129357
245 10 - MENCIÓN DEL TÍTULO
Título Tratado de la esterilidad en la mujer /
Mención de responsabilidad, etc. Doctor H.D. Maheux ; traducción castellana con notas por don Félix Tejada y España.
260 ## - PUBLICACIÓN, DISTRIBUCIÓN, ETC.
Lugar de publicación, distribución, etc. Madrid :
Nombre del editor, distribuidor, etc. [s.n.],
Fecha de publicación, distribución, etc. 1875 (
Fabricante Imp. de F. García y D. Caravera)
300 ## - DESCRIPCIÓN FÍSICA
Extensión 204 p. ;
Dimensiones 23 cm.
597 ## - NOTA DE DESCRIPCIÓN FÍSICA
NOTA DE DESCRIPCIÓN FÍSICA Antep.
650 00 - PUNTO DE ACCESO ADICIONAL DE MATERIA--TÉRMINO DE MATERIA
Término de materia o nombre geográfico como elemento de entrada Esterilidad.
9 (RLIN) 12534
700 1# - ENTRADA AGREGADA--NOMBRE PERSONAL
Nombre de persona Tejada y España, Félix.
9 (RLIN) 133163
852 ## - LOCALIZACIÓN
Ubicación ES-MaACL
Número de control de estantería T-622-F-2
Nota libre - Enc. hol., falto de cub. original
-- - Ex-libris ms. de Gustavo Sáenz Díez
-- -Enc. en un vol. facticio
Holdings
Estatus retirado Estado de pérdida Estado de daño No para préstamo Colección Biblioteca de origen Biblioteca actual Ubicación en estantería Fecha de adquisición Total de préstamos Signatura topográfica completa Código de barras Visto por última vez Precio de reemplazo Tipo de ítem Koha
        Colección de folletos Biblioteca del Ateneo de Madrid Biblioteca del Ateneo de Madrid Depósito folletos 17/01/2008   T-622-F-2 1165914 23/02/2023 23/02/2023 Folleto